[Event "Iberoamerican-ch 9th"]
[Site "Panama City"]
[Date "2023.11.28"]
[Round "5"]
[White "Carrasco Chong, Ian Pierre"]
[Black "Pazos Gambarrotti, Plinio Efrain"]
[Result "0-1"]
[WhiteElo "1290"]
[BlackElo "1995"]
[PlyCount "76"]
[EventDate "2023.11.25"]
[EventType "swiss"]
[EventRounds "9"]
[EventCountry "PAN"]
[SourceTitle "CB49_2023"]
[SourceDate "2023.12.06"]
[SourceVersion "1"]
[SourceVersionDate "2023.12.06"]
[SourceQuality "1"]

1. d4 Nf6 2. Nf3 g6 3. Bf4 Bg7 4. e3 d6 5. Be2 0-0 6. h3 Nc6 7. 0-0 Nd7 8. Bh2 e5 9. c4 exd4 10. exd4 Nxd4 11. Nxd4 Qf6 12. Nc3 Qxd4 13. Qc2 Nb6 14. Rad1 Qf6 15. c5 dxc5 16. Bxc7 Bf5 17. Qb3 Qc6 18. Bg3 Qe6 19. Qxe6 Bxe6 20. Bd6 Rfd8 21. Bxc5 Nc4 22. Rxd8+ Rxd8 23. Rd1 Rxd1+ 24. Nxd1 Nxb2 25. Nxb2 Bxb2 26. Bxa7 Bxa2 27. Bb6 Bd5 28. f3 f5 29. Kf2 f4 30. h4 Kf7 31. g3 Be5 32. gxf4 Bxf4 33. Bd3 Be5 34. Be4 Bxe4 35. fxe4 Ke6 36. Ke2 Bg3 37. Bd8 Ke5 38. Kd3 Bf4 0-1

[Event "Iberoamerican-ch 9th"]
[Site "Panama City"]
[Date "2023.11.26"]
[Round "3"]
[White "Carrasco Chong, Ian Pierre"]
[Black "Rodriguez Lascano, Eliut Booz"]
[Result "1-0"]
[WhiteElo "1290"]
[BlackElo "1672"]
[PlyCount "177"]
[EventDate "2023.11.25"]
[EventType "swiss"]
[EventRounds "9"]
[EventCountry "PAN"]
[SourceTitle "CB49_2023"]
[SourceDate "2023.12.06"]
[SourceVersion "1"]
[SourceVersionDate "2023.12.06"]
[SourceQuality "1"]

1. d4 Nf6 2. c4 e6 3. Nc3 Bb4 4. a3 Bxc3+ 5. bxc3 0-0 6. e3 b6 7. Bd3 Nc6 8. f3 d5 9. cxd5 exd5 10. Ne2 Na5 11. 0-0 Re8 12. Ng3 Bb7 13. Re1 c5 14. Nf5 Rc8 15. g4 Qd7 16. Ng3 Rc7 17. g5 Ne4 18. fxe4 dxe4 19. Bf1 c4 20. Bg2 Bd5 21. Ra2 Nb3 22. Rf2 Qe7 23. Rf5 Qd6 24. Ref1 Rce7 25. Bb2 a5 26. R5f4 Qg6 27. Qh5 Nd2 28. Qxg6 hxg6 29. R1f2 Nb3 30. Rh4 a4 31. Nf1 Na5 32. Nd2 Nb7 33. Bf1 Nd6 34. Bh3 b5 35. Rf1 Be6 36. Bxe6 Rxe6 37. Bc1 Nf5 38. Rh3 Ne7 39. Nb1 Nd5 40. Bd2 f6 41. gxf6 gxf6 42. Kf2 f5 43. Ke2 Kg7 44. Be1 Rh8 45. Rxh8 Kxh8 46. Bg3 Kg7 47. Be5+ Kh6 48. h4 Kh7 49. Bf4 Kg7 50. Rg1 Kh7 51. Rh1 Nf6 52. Bg5 Nh5 53. Rh3 Rd6 54. Nd2 Rd7 55. Nf1 Ng7 56. Ng3 Ne6 57. Bf4 Rf7 58. Be5 Kg8 59. Bf4 Kh7 60. Rh1 Kg7 61. Rb1 Rb7 62. Be5+ Kf7 63. Kd2 Nd8 64. Ne2 Nc6 65. Bh2 Ne7 66. Bd6 Nd5 67. Be5 Ne7 68. Nf4 Nc6 69. Bd6 Na5 70. Bc5 Nb3+ 71. Ke2 Rb8 72. Bd6 Rh8 73. Rg1 Rg8 74. Bb4 Rg7 75. d5 Kf6 76. d6 Rg8 77. d7 Kf7 78. Rxg6 Rd8 79. Rd6 Nc1+ 80. Kd1 Nd3 81. Nxd3 exd3 82. h5 Rg8 83. Rg6 Rd8 84. Rh6 Kg7 85. Rd6 Kf7 86. Ba5 Ke7 87. Bxd8+ Kxd6 88. h6 Kxd7 89. h7 1-0

[Event "Panama op 4th"]
[Site "Panama City"]
[Date "2023.11.09"]
[Round "7"]
[White "Chen Austin, Felipe Gabriel"]
[Black "Carrasco Chong, Ian Pierre"]
[Result "1-0"]
[WhiteElo "1720"]
[BlackElo "1289"]
[PlyCount "128"]
[EventDate "2023.11.06"]
[EventType "swiss"]
[EventRounds "9"]
[EventCountry "PAN"]
[SourceTitle "CB46_2023"]
[SourceDate "2023.11.15"]
[SourceVersion "1"]
[SourceVersionDate "2023.11.15"]
[SourceQuality "1"]

1. d4 Nf6 2. Nf3 e6 3. Bf4 c5 4. e3 Nc6 5. c3 d5 6. Bd3 Bd6 7. Bg3 0-0 8. Nbd2 b6 9. Ne5 Bb7 10. 0-0 Qc7 11. f4 Ne7 12. Qf3 a5 13. Bh4 Ne4 14. Nxe4 dxe4 15. Bxe4 Bxe4 16. Qxe4 Nf5 17. Bf2 Bxe5 18. fxe5 Rad8 19. g4 Ne7 20. Bh4 Rd7 21. Bxe7 Rxe7 22. Rf3 Qb7 23. Qxb7 Rxb7 24. g5 c4 25. Raf1 g6 26. e4 Rd7 27. Rf6 b5 28. a3 a4 29. Kf2 Kg7 30. Ke3 Re8 31. h4 Ree7 32. h5 Rd8 33. hxg6 hxg6 34. Rh1 Rh8 35. Rxh8 Kxh8 36. Rf2 Kg7 37. Kf4 Rd7 38. Rd2 Rd8 39. d5 Kf8 40. d6 Ke8 41. Ke3 Kd7 42. Rf2 Rf8 43. Kd4 Kc6 44. Rf1 Kb6 45. d7 Kc7 46. Kc5 Kxd7 47. Kxb5 Ke7 48. Kxc4 Rb8 49. Rf2 Rb3 50. Rd2 Rb7 51. Kc5 Rb8 52. Kc6 Rc8+ 53. Kb5 Rc7 54. Rd6 Rb7+ 55. Rb6 Rc7 56. Kxa4 Rc4+ 57. Rb4 Rc5 58. Rb7+ Ke8 59. Rb5 Rc4+ 60. Ka5 Rxe4 61. Rc5 Re1 62. b4 Ra1 63. a4 Kd7 64. b5 Ra3 1-0